000
00397nam a2200133Ia 4500
008
100328s9999 xx 000 0 und d
082
_b
65622
100
_a
ओक संजीव.
245
_a
तेव्हा आणि आता.
260
_b
सानिया.
630
_a
तेव्हा आणि आता.
730
_a
तेव्हा आणि आता.
942
_c
BOOK
999
_c
551367
_d
551364